000 00457nam a22001697a 4500
005 20160518144816.0
008 160518b xxu||||| |||| 00| 0 eng d
020 _a978-81-203-0836-1
041 _aeng
082 _b2986
100 _aAdam, EE & Ebert, RJ
_9757
245 _aProduction and Operations Management Concepts Models and Behaviour
260 _aNew Delhi
_bPHI learning Pvt. Ltd.
300 _a729
650 _aManagement
_9241
942 _cBK
999 _c1039
_d1039